1473 1641 1187 1610 1560 1911 1034 1499 1658 1945 1911 1424 1587 1007 1638 1449 1427 1858 1249 1405 1251 1487 1516 1636 1777 1010 1976 1192 1503 1400 1514 1251 1941 1555 1577 2000 1275 1113 1473 1965 1330 1937 1408 1870 1328 1052 1119 1785 1413 1249 1299 1818 1735 1365 1681 1457 1303 1318 1522 1623 1457 1694 1980 1636 1818 1383 1133 1691 1132 1076 1385 1826 1928 1400 1330 1300 1700 1363 1472 1071 1885 1406 1655 1888 1153 1601 1498 1227 1570 1875 1652 1688 1168 1029 1050 1930 1556 1955 1433 BCNSPRNW ULIB Ver.6.0+V

เปลี่ยนเป็นภาษาไทย

Change to English
 แสดงรายละเอียดบรรณานุกรม
  กลับหน้าหลัก

Brief Record : Get Marc (ISO 2709) : E-mail record : QR code < ปิดหน้าต่าง
LEADER : 00000nam 2200000uu 4500
001    13399121410
003     ULIB
008    121118s2552||||th 000 0 tha d
020    ^a9789749749999
050 04 ^aQA76.76^bพ764ค
100 0  ^aพิษณุ ปุระศิริ
245 10 ^aครบเครื่องเรื่องจัดการไวรัส & สปายแวร์ อย่างมืออาชีพ /^cพิษณุ ปุระศิริ
250    ^aพิมพ์ครั้งที่ 1
260    ^aนนทบุรี :^bไอดีซี,^c2552
300    ^ax, 505 หน้า :^bภาพประกอบสี ;^c21 ซม. +^eซีดี-รอม 1 แผ่น
650  0 ^aSpyware (Computer software)
650  7 ^aไวรัสคอมพิวเตอร์
650  7 ^aสปายแวร์
945    ^p219^l0^i16680
995    ^aวิภา
999 ^a ทศพร
รายการนี้ยังไม่มีแท็ก
คุณยังไม่ได้ล็อกอิน คุณสามารถมีกิจกรรมร่วมกับเว็บไซต์ได้ แต่ต้องล็อกอินก่อน ::
  ล็อกอิน

รายการสื่อสารสนเทศ

ลำดับที่ ประเภท เลขเรียก/บาร์โค้ด สถานที่ สถานะ
1. วิทยาศาสตร์การแพทย์ และสุขภาพ
วิทยาศาสตร์การแพทย์ และสุขภาพ
QA76.76 พ764ค  
  Barcode: 16680
ห้องสมุดวิทยาเขตสวรรค์ประชารักษ์
►หนังสือทั่วไป
บนชั้น

รายการใกล้เคียง
    ผู้แต่ง [พิษณุ ปุระศิริ]

    หัวเรื่อง [Spyware (Computer software)]
    หัวเรื่อง [ไวรัสคอมพิวเตอร์]
    หัวเรื่อง [สปายแวร์]

BibComment


ยังไม่เคยถูกคอมเมนท์

คอมเมนท์ทรัพยากรรายการนี้
  คอมเมนท์: ครบเครื่องเรื่อง..


 Copyright 2026. Bcnsprnw @Library